[Event "exe Slovakia Open 2025"]
[Site "Bratislava SVK"]
[Date "2025.09.13"]
[Round "1.34"]
[White "Jancura, Andrej"]
[Black "Marchesich, Giovanni"]
[Result "0-1"]
[BlackTitle "CM"]
[WhiteElo "1852"]
[BlackElo "2189"]
[WhiteFideId "14923629"]
[BlackFideId "2824790"]
[EventDate "2025.09.13"]

1. d4 d5 2. Nf3 Nf6 3. c4 e6 4. g3 Be7 5. Bg2 O-O 6. Ne5 c5 7. cxd5 cxd4 8. Qxd4
exd5 9. O-O Nc6 10. Nxc6 bxc6 11. Bg5 Rb8 12. b3 h6 13. Bf4 Rb4 14. Bd2 Nd7 15.
Qxa7 Bc5 16. Qxc5 Nxc5 17. Bxb4 Qb6 18. Bxc5 Qxc5 19. Nd2 Ba6 20. Rfc1 Qd6 21.
e3 c5 22. Rd1 Rd8 23. Rac1 Qe7 24. Nf3 Bb7 25. Rd2 g5 26. Rdc2 d4 27. Ne5 Qe6 0-1

[Event "exe Slovakia Open 2025"]
[Site "Bratislava SVK"]
[Date "2025.09.13"]
[Round "1.35"]
[White "Bujukliev, Nikola"]
[Black "Povysil, Peter"]
[Result "1-0"]
[WhiteElo "2130"]
[BlackElo "1853"]
[WhiteFideId "15000907"]
[BlackFideId "14908344"]
[EventDate "2025.09.13"]

1. d4 d5 2. Nc3 Nf6 3. Bg5 e6 4. e4 Be7 5. e5 Nfd7 6. h4 a6 7. Qg4 f6 8. exf6
Nxf6 9. Qg3 c5 10. dxc5 Bxc5 11. O-O-O Nc6 12. Nh3 Bd6 13. f4 Qc7 14. Bd3 Bd7
15. h5 1-0

[Event "exe Slovakia Open 2025"]
[Site "Bratislava SVK"]
[Date "2025.09.13"]
[Round "1.36"]
[White "Antal, Jozsef"]
[Black "Nadzamova, Viktoria"]
[Result "1/2-1/2"]
[BlackTitle "WFM"]
[WhiteElo "1868"]
[BlackElo "2129"]
[WhiteFideId "710270"]
[BlackFideId "14943999"]
[EventDate "2025.09.13"]

1. e4 c5 2. Nc3 Nc6 3. g3 g6 4. Bg2 Bg7 5. d3 d6 6. f4 Rb8 7. Nf3 b5 8. a3 e6 9.
O-O Nge7 10. Rb1 O-O 11. Be3 Nd4 12. Ne2 Nxf3+ 13. Bxf3 Qc7 14. c3 d5 15. e5 b4
16. cxb4 cxb4 17. Qa4 a5 18. Rfc1 Qd8 19. Bh5 g5 20. Kh1 Re8 1/2-1/2

[Event "exe Slovakia Open 2025"]
[Site "Bratislava SVK"]
[Date "2025.09.13"]
[Round "1.37"]
[White "Schroeder, Lennart"]
[Black "Krivosik, Matus"]
[Result "1-0"]
[WhiteElo "2126"]
[BlackElo "1838"]
[WhiteFideId "16222490"]
[BlackFideId "73619671"]
[EventDate "2025.09.13"]

1. d4 d5 2. c4 e5 3. dxe5 d4 4. Nf3 Nc6 5. a3 Nge7 6. Nbd2 Ng6 7. Nb3 Ngxe5 8.
Nxe5 Nxe5 9. Qxd4 Qxd4 10. Nxd4 Nxc4 11. e4 Nd6 12. e5 c5 13. exd6 cxd4 14. Bf4
Bd7 15. O-O-O g6 16. Rxd4 Bc6 17. Bc4 Bg7 18. Re1+ Kf8 19. Rd2 Re8 20. Rde2 1-0

[Event "exe Slovakia Open 2025"]
[Site "Bratislava SVK"]
[Date "2025.09.13"]
[Round "1.38"]
[White "Osvald, David"]
[Black "Akdogan, Alperen"]
[Result "1/2-1/2"]
[BlackTitle "FM"]
[WhiteElo "1815"]
[BlackElo "2113"]
[WhiteFideId "14974398"]
[BlackFideId "6347363"]
[EventDate "2025.09.13"]

1. e4 c6 2. d4 d5 3. e5 Bf5 4. Bd3 Bxd3 5. Qxd3 e6 6. Ne2 c5 7. c3 Nc6 8. O-O
Qb6 9. Nd2 cxd4 10. cxd4 Rc8 11. Nf3 h5 12. Bd2 Be7 13. Rfc1 Nh6 14. b4 Kd7 15.
a3 Nf5 16. h4 1/2-1/2

[Event "exe Slovakia Open 2025"]
[Site "Bratislava SVK"]
[Date "2025.09.13"]
[Round "1.39"]
[White "Durana, Jonas"]
[Black "Fudala, Dominik"]
[Result "1-0"]
[WhiteElo "2112"]
[BlackElo "1829"]
[WhiteFideId "73619663"]
[BlackFideId "1189298"]
[EventDate "2025.09.13"]

1. e4 e6 2. d4 d5 3. e5 c5 4. c3 Nc6 5. Nf3 Qb6 6. Bd3 cxd4 7. O-O Bd7 8. Re1
Rc8 9. a3 Nge7 10. h4 h6 11. h5 Kd8 12. Nbd2 f5 13. c4 Na5 14. b3 dxc4 15. bxc4
g5 16. hxg6 Rg8 1-0

[Event "exe Slovakia Open 2025"]
[Site "Bratislava SVK"]
[Date "2025.09.13"]
[Round "1.40"]
[White "Kebbedies, Frank"]
[Black "Andre, Tomas"]
[Result "0-1"]
[BlackTitle "CM"]
[WhiteElo "1823"]
[BlackElo "2111"]
[WhiteFideId "24606944"]
[BlackFideId "14975793"]
[EventDate "2025.09.13"]

1. d4 Nf6 2. Nf3 e6 3. c4 b6 4. Nc3 Bb7 5. a3 Be7 6. Qc2 O-O 7. e4 d6 8. Bd3 h6
9. Bd2 Nbd7 10. O-O e5 11. d5 Re8 12. b4 Nf8 13. Ne2 Ng6 14. Rfe1 Bc8 15. Be3
Nh5 16. Rac1 Bg4 17. Nd2 Bg5 18. Ng3 Bxe3 19. Rxe3 Nhf4 20. Bf1 Qg5 21. c5 h5
22. Nf5 dxc5 0-1

[Event "exe Slovakia Open 2025"]
[Site "Bratislava SVK"]
[Date "2025.09.13"]
[Round "1.41"]
[White "Bury, Rastislav"]
[Black "Donauer Daniel"]
[Result "1-0"]
[WhiteElo "2096"]
[BlackElo "1812"]
[WhiteFideId "14907585"]
[BlackFideId "1365754"]
[EventDate "2025.09.13"]

1. d4 d5 2. Nf3 c6 3. g3 Nf6 4. Bg2 h6 5. O-O Bf5 6. c4 e6 7. Nc3 Be7 8. b3 O-O
9. Bf4 Ne4 10. Na4 Nd7 11. Nd2 Nxd2 12. Qxd2 a5 13. c5 Re8 14. Rac1 Bg4 15. Be4 1-0

[Event "exe Slovakia Open 2025"]
[Site "Bratislava SVK"]
[Date "2025.09.13"]
[Round "1.42"]
[White "Albu, Vlad"]
[Black "Gay, Lukas"]
[Result "0-1"]
[WhiteElo "1815"]
[BlackElo "2093"]
[WhiteFideId "13909622"]
[BlackFideId "14966433"]
[EventDate "2025.09.13"]

1. e4 e5 2. Nf3 Nc6 3. Bc4 Nf6 4. d3 Be7 5. c3 O-O 6. O-O d6 7. a4 Be6 8. Na3
Bxc4 9. Nxc4 d5 10. exd5 Qxd5 11. Ne3 Qd7 12. Qc2 Rad8 13. Rd1 a5 14. b3 Nd5 15.
d4 exd4 16. Nxd4 Nxc3 17. Qxc3 Nxd4 18. Qc4 Qe6 19. Ba3 Qxc4 20. bxc4 Bxa3 21.
Rxa3 Ne6 22. Rb1 b6 23. g3 Rd4 24. Raa1 Rfd8 25. Nf5 f6 26. Rc1 Rd2 27. Ne7+ Kf7
28. Nd5 Rd7 29. Kf1 Nc5 30. Ke1 R2xd5 31. cxd5 Nb3 32. Rab1 Nxc1 33. Rxc1 Ke7
34. Ke2 Kd6 35. Ke3 Kxd5 36. Kf4 c5 37. h4 Re7 38. f3 c4 39. g4 Kc5 40. Kf5 Kb4
41. h5 c3 42. h6 Re5+ 43. Kf4 g5+ 0-1

[Event "exe Slovakia Open 2025"]
[Site "Bratislava SVK"]
[Date "2025.09.13"]
[Round "1.43"]
[White "Canella, Jacopo"]
[Black "Kebis, Milos"]
[Result "1-0"]
[WhiteElo "2080"]
[BlackElo "1806"]
[WhiteFideId "2864750"]
[BlackFideId "14901471"]
[EventDate "2025.09.13"]

1. e4 e5 2. Nf3 Nc6 3. d4 exd4 4. Nxd4 Nf6 5. Nxc6 bxc6 6. e5 Nd5 7. c4 Nb6 8.
Nc3 Bb4 9. Bd2 O-O 10. Be2 Re8 11. f4 d6 12. O-O Be6 13. Kh1 h6 1-0

[Event "exe Slovakia Open 2025"]
[Site "Bratislava SVK"]
[Date "2025.09.13"]
[Round "1.44"]
[White "Staub, Tom"]
[Black "Babula, Matej"]
[Result "0-1"]
[WhiteElo "1772"]
[BlackElo "2012"]
[WhiteFideId "34674713"]
[BlackFideId "398322"]
[EventDate "2025.09.13"]

1. e4 c5 2. Nf3 e6 3. c3 d5 4. exd5 Qxd5 5. d4 Nf6 6. Be3 Nc6 7. dxc5 Qxd1+ 8.
Kxd1 Ng4 9. b4 a5 10. Bb5 Bd7 11. Nd4 O-O-O 12. Kc1 Nxd4 13. Bxd7+ Rxd7 14. Bxd4
e5 15. Be3 Nxe3 16. fxe3 Rd3 17. Re1 e4 18. Kc2 Be7 19. Nd2 f5 20. Rad1 Bf6 21.
Nb1 Rhd8 22. h3 h5 0-1

[Event "exe Slovakia Open 2025"]
[Site "Bratislava SVK"]
[Date "2025.09.13"]
[Round "1.45"]
[White "Sekova, Olivia"]
[Black "Vinarcik, Jan"]
[Result "1-0"]
[WhiteElo "2102"]
[BlackElo "1800"]
[WhiteFideId "14959690"]
[BlackFideId "14901030"]
[EventDate "2025.09.13"]

1. e4 c5 2. Nf3 e6 3. d4 cxd4 4. Nxd4 a6 5. Nc3 Qc7 6. Be2 Bc5 7. Be3 Nf6 8. O-O
d6 9. f4 e5 10. fxe5 dxe5 11. Rxf6 gxf6 12. Nd5 Qd8 13. Nf5 Bxe3+ 14. Nfxe3 Be6
15. Qf1 Nd7 16. Rd1 O-O 17. Kh1 Kh8 18. Ng4 Bxd5 19. Rxd5 Qe7 20. Rxd7 Qe6 21.
Nxf6 Rac8 22. Bg4 1-0

[Event "exe Slovakia Open 2025"]
[Site "Bratislava SVK"]
[Date "2025.09.13"]
[Round "1.46"]
[White "Orlov, Konstantin"]
[Black "Zawisza, Alan"]
[Result "0-1"]
[WhiteElo "1785"]
[BlackElo "2084"]
[WhiteFideId "1681575"]
[BlackFideId "91131456"]
[EventDate "2025.09.13"]

1. d4 Nf6 2. c4 g6 3. Nc3 Bg7 4. e4 d6 5. Nf3 O-O 6. Be2 Nbd7 7. O-O e5 8. d5
Nc5 9. Qc2 a5 10. Bg5 h6 11. Be3 Nh7 12. Nd2 f5 13. f3 f4 14. Bf2 Bd7 15. b3 g5
16. a3 h5 17. b4 axb4 18. axb4 Na6 19. Rfb1 g4 20. c5 g3 21. hxg3 fxg3 22. Bxg3
Qg5 23. Bf2 Bh3 24. Bf1 Nxb4 25. Qd1 Rxa1 26. Rxa1 Nd3 27. cxd6 cxd6 28. Nc4
Nxf2 29. Kxf2 Bg4 30. Nxd6 0-1

[Event "exe Slovakia Open 2025"]
[Site "Bratislava SVK"]
[Date "2025.09.13"]
[Round "1.47"]
[White "Sichnenko, Grigorij"]
[Black "Munk, Lubomir"]
[Result "1-0"]
[WhiteElo "2047"]
[BlackElo "1769"]
[WhiteFideId "14972557"]
[BlackFideId "14903806"]
[EventDate "2025.09.13"]

1. d4 Nf6 2. Nf3 g6 3. g3 Bg7 4. Bg2 O-O 5. O-O d6 6. c4 c6 7. Nc3 Nbd7 8. e4
Qc7 9. h3 e5 10. Be3 h6 11. Qd2 Kh7 12. Rae1 b6 13. Nh4 Ba6 14. b3 Rad8 15. f4
Nh5 16. Kh2 exf4 17. gxf4 f5 18. exf5 gxf5 19. Nxf5 d5 20. Qc2 Kh8 21. Ne7 Rf7
22. Ng6+ Kg8 23. Nxd5 Qd6 24. c5 Qb8 25. Nde7+ Rxe7 26. Nxe7+ Kf7 27. Nxc6 Qc8
28. Bd5+ Kf8 29. Qg6 Ne5 30. fxe5+ 1-0

[Event "exe Slovakia Open 2025"]
[Site "Bratislava SVK"]
[Date "2025.09.13"]
[Round "1.48"]
[White "Benci, Rudolf"]
[Black "Janik, Marek Tobias"]
[Result "0-1"]
[WhiteElo "1787"]
[BlackElo "2045"]
[WhiteFideId "14963191"]
[BlackFideId "73612715"]
[EventDate "2025.09.13"]

1. d4 d5 2. Bf4 e6 3. e3 Bd6 4. Bg3 Nf6 5. Bd3 c5 6. c3 Nc6 7. Nd2 e5 8. dxe5
Nxe5 9. Bxe5 Bxe5 10. Ngf3 Bc7 11. Qe2 O-O 12. O-O a6 13. Rad1 Qe7 14. Rfe1 c4
15. Bc2 Re8 16. Nd4 Qd6 17. Nf1 g6 18. f3 b5 19. Qf2 Bb7 20. Qh4 Re7 21. Kh1
Rae8 22. e4 Qf4 23. Qf2 Qh6 24. Ne2 dxe4 25. Ng1 e3 26. Qe2 Bxh2 27. Nxh2 Nh5
28. Nh3 Ng3+ 29. Kg1 Nxe2+ 30. Rxe2 f5 31. Rd4 Qg7 32. b3 Rd7 33. bxc4 Rxd4 34.
cxd4 Qxd4 35. cxb5 Bd5 0-1

[Event "exe Slovakia Open 2025"]
[Site "Bratislava SVK"]
[Date "2025.09.13"]
[Round "1.49"]
[White "Striskova, Lucia"]
[Black "Prochazka, Michal"]
[Result "1-0"]
[WhiteTitle "WFM"]
[WhiteElo "2042"]
[BlackElo "1764"]
[WhiteFideId "14960958"]
[BlackFideId "14975777"]
[EventDate "2025.09.13"]

1. e4 c5 2. Nf3 d6 3. d4 cxd4 4. Nxd4 Nf6 5. Nc3 g6 6. Be3 Bg7 7. f3 O-O 8. Qd2
Nc6 9. g4 Be6 10. O-O-O Rc8 11. Kb1 Ne5 12. h4 h5 13. gxh5 Nxh5 14. Rg1 Nxf3 15.
Nxf3 Rxc3 16. Nd4 Rc8 17. Nxe6 fxe6 18. Rxg6 Qe8 19. Rg5 Nf6 20. Bd3 Qc6 21.
Rdg1 Rf7 22. Qg2 Ne8 23. Bb5 1-0

[Event "exe Slovakia Open 2025"]
[Site "Bratislava SVK"]
[Date "2025.09.13"]
[Round "1.50"]
[White "Janovicek, Lukas"]
[Black "Thompson, Ian D"]
[Result "0-1"]
[BlackTitle "FM"]
[WhiteElo "1836"]
[BlackElo "2006"]
[WhiteFideId "14975831"]
[BlackFideId "405205"]
[EventDate "2025.09.13"]

1. e4 e6 2. d4 d5 3. Nd2 c5 4. Ngf3 Nc6 5. c3 cxd4 6. cxd4 dxe4 7. Nxe4 Nf6 8.
Bd3 Be7 9. O-O O-O 10. Nxf6+ Bxf6 11. Be3 g6 12. Be4 Qa5 13. Qb3 Ne7 14. Bd2 Qh5
15. Bb4 Rd8 16. Bxe7 Bxe7 17. Rac1 Bd6 18. Qe3 Rb8 19. Bd3 Qa5 20. a3 Qb6 21. b4
Bd7 22. Nd2 Bb5 23. Bxb5 Qxb5 24. Ne4 e5 25. Rfd1 Kg7 0-1

[Event "exe Slovakia Open 2025"]
[Site "Bratislava SVK"]
[Date "2025.09.13"]
[Round "1.51"]
[White "Boesel, Alexander"]
[Black "Jursa, Juraj"]
[Result "1-0"]
[WhiteElo "2054"]
[BlackElo "1756"]
[WhiteFideId "4623185"]
[BlackFideId "73619256"]
[EventDate "2025.09.13"]

1. e4 c5 2. Nf3 Nc6 3. Bb5 Nf6 4. Bxc6 dxc6 5. d3 Bg4 6. h3 Bh5 7. O-O Nd7 8. b3
e5 9. Bb2 Bd6 10. Nbd2 O-O 11. g4 Bg6 12. Nc4 Qc7 13. Nxd6 Qxd6 14. Nh4 Qe7 15.
Ng2 Rad8 16. Qe2 f6 17. Ne3 b5 18. a4 Bf7 19. c4 Nb6 1-0

[Event "exe Slovakia Open 2025"]
[Site "Bratislava SVK"]
[Date "2025.09.13"]
[Round "1.52"]
[White "Kopia, Julian"]
[Black "Galla, Richard"]
[Result "0-1"]
[WhiteElo "1800"]
[BlackElo "2035"]
[WhiteFideId "41806417"]
[BlackFideId "14948672"]
[EventDate "2025.09.13"]

1. e4 c5 2. Nf3 Nc6 3. d4 cxd4 4. Nxd4 Nf6 5. Nc3 e5 6. Ndb5 d6 7. Bg5 a6 8. Na3
b5 9. Nd5 Be7 10. Bxf6 Bxf6 11. c4 b4 12. Nc2 Rb8 13. g3 Bg5 14. Bg2 O-O 15. Qd3
g6 16. O-O f5 17. Nde3 Ne7 18. Rad1 f4 19. Nd5 Bg4 20. f3 Be6 21. gxf4 exf4 22.
Nd4 0-1

[Event "exe Slovakia Open 2025"]
[Site "Bratislava SVK"]
[Date "2025.09.13"]
[Round "1.53"]
[White "Slaba, Andrea"]
[Black "Bednar, Daniel"]
[Result "1-0"]
[WhiteElo "2021"]
[BlackElo "1764"]
[WhiteFideId "14940680"]
[BlackFideId "14989620"]
[EventDate "2025.09.13"]

1. d4 Nf6 2. Nf3 d5 3. Bg5 h6 4. Bh4 e6 5. c4 Be7 6. Nc3 O-O 7. e3 b6 8. cxd5
Nxd5 9. Bxe7 Nxe7 10. Bd3 Bb7 11. O-O Nd7 12. Ne4 Nd5 13. a3 N5f6 14. Nxf6+ Nxf6
15. Nd2 1-0

[Event "exe Slovakia Open 2025"]
[Site "Bratislava SVK"]
[Date "2025.09.13"]
[Round "1.54"]
[White "Thornley, Oliver"]
[Black "Herka, Jakub"]
[Result "0-1"]
[WhiteElo "1731"]
[BlackElo "1992"]
[WhiteFideId "445916"]
[BlackFideId "21023743"]
[EventDate "2025.09.13"]

1. e4 c5 2. d4 cxd4 3. c3 dxc3 4. Nxc3 Nc6 5. Nf3 d6 6. Bc4 a6 7. O-O Nf6 8. Qe2
Bg4 9. Rd1 e6 10. Bf4 Nh5 11. Be3 Ne5 12. Bb3 Be7 13. Ba4+ Kf8 14. h3 Bxf3 15.
gxf3 Bg5 16. Rxd6 Qxd6 17. Bxg5 Qd3 18. Qxd3 Nxd3 19. Bc2 g6 0-1

[Event "exe Slovakia Open 2025"]
[Site "Bratislava SVK"]
[Date "2025.09.13"]
[Round "1.55"]
[White "Maciejewski, Kamil"]
[Black "Chmurny, Richard"]
[Result "1-0"]
[WhiteElo "2018"]
[BlackElo "1689"]
[WhiteFideId "21805768"]
[BlackFideId "14989581"]
[EventDate "2025.09.13"]

1. c4 e6 2. b3 d5 3. e3 c5 4. Nf3 Nf6 5. Bb2 b6 6. cxd5 exd5 7. Bb5+ Bd7 8. Be2
Bd6 9. Nc3 Nc6 10. d4 cxd4 11. Nxd4 Bc5 12. Nf3 Be6 13. Bb5 Qd6 14. Ne5 1-0

[Event "exe Slovakia Open 2025"]
[Site "Bratislava SVK"]
[Date "2025.09.13"]
[Round "1.56"]
[White "Gonda, Jan"]
[Black "Kapinaj, Matus"]
[Result "0-1"]
[WhiteElo "1703"]
[BlackElo "2023"]
[WhiteFideId "14910489"]
[BlackFideId "14980703"]
[EventDate "2025.09.13"]

1. d4 Nf6 2. Bf4 d5 3. e3 c5 4. c3 Nc6 5. h3 Qb6 6. b3 Bf5 7. Bd3 Bxd3 8. Qxd3
e6 9. Nd2 cxd4 10. exd4 Ba3 11. Rd1 O-O 12. Ngf3 Rac8 13. Nb1 Be7 14. Nbd2 Qa5
15. a4 Ne4 16. Nb1 Nxc3 17. Bd2 Nb4 18. Bxc3 Nxd3+ 19. Rxd3 Bb4 20. Bxb4 Qxb4+
21. Ke2 Rc2+ 22. Nbd2 0-1

[Event "exe Slovakia Open 2025"]
[Site "Bratislava SVK"]
[Date "2025.09.13"]
[Round "1.57"]
[White "Labrovic, Jakov"]
[Black "Macakova, Bianka"]
[Result "1-0"]
[WhiteElo "2001"]
[BlackElo "1637"]
[WhiteFideId "14549786"]
[BlackFideId "14982846"]
[EventDate "2025.09.13"]

1. b3 f5 2. d4 Nf6 3. c4 e6 4. Nc3 d5 5. Bg5 c6 6. Nf3 Be7 7. Bxf6 Bxf6 8. e3
O-O 9. Bd3 Bd7 10. O-O Be8 11. Ne2 Nd7 12. Rc1 Be7 13. cxd5 exd5 14. Nf4 Rf6 15.
Qc2 g6 16. b4 Bd6 17. Qb3 Nf8 18. a4 h6 19. Bb1 g5 20. Nd3 Bh5 21. Nfe5 Ng6 22.
b5 Bxe5 23. dxe5 Re6 24. Nc5 Rxe5 25. Nxb7 Qb6 26. Nc5 Rd8 27. bxc6 Qxb3 28.
Nxb3 Be2 29. Rfe1 Bc4 30. Nd4 Ne7 31. f4 gxf4 32. exf4 Rxe1+ 33. Rxe1 Ng6 34. c7
Rc8 35. Bxf5 Rxc7 36. Bxg6 Rc6 37. Nxc6 1-0

[Event "exe Slovakia Open 2025"]
[Site "Bratislava SVK"]
[Date "2025.09.13"]
[Round "1.58"]
[White "Zhanybekov, Alisher"]
[Black "Ng, Chun Hei"]
[Result "0-1"]
[WhiteElo "1630"]
[BlackElo "2011"]
[WhiteFideId "447013397"]
[BlackFideId "6004369"]
[EventDate "2025.09.13"]

1. Nc3 d5 2. e4 d4 3. Nb1 c5 4. Bb5+ Nd7 5. a4 a6 6. Bxd7+ Bxd7 7. d3 e6 8. a5
Ne7 9. Nd2 Bb5 10. Ngf3 Ng6 11. h4 h5 12. Kf1 Bd6 13. Nb3 Qc7 14. g3 O-O-O 15.
Kg2 f5 16. Ng5 Rde8 17. f4 Bc6 18. c3 e5 19. cxd4 exf4 20. dxc5 Be5 21. d4 fxe4
22. dxe5 e3+ 23. Nf3 Nxe5 24. Nd4 e2 25. Qc2 Nxf3 26. Nxf3 Bxf3+ 27. Kxf3 Qc6+
28. Kf2 fxg3+ 29. Kxg3 e1=Q+ 30. Rxe1 Rxe1 31. Qf5+ Qd7 32. Qxd7+ Kxd7 33. b4
Rf8 34. Bb2 Re3+ 0-1

[Event "exe Slovakia Open 2025"]
[Site "Bratislava SVK"]
[Date "2025.09.13"]
[Round "1.59"]
[White "Hitka, Dominik"]
[Black "Buday, Alexander"]
[Result "1-0"]
[WhiteElo "2008"]
[BlackElo "1595"]
[WhiteFideId "14981106"]
[BlackFideId "14971666"]
[EventDate "2025.09.13"]

1. e4 c5 2. Nc3 d6 3. d4 cxd4 4. Qxd4 Nf6 5. b3 a6 6. Bb2 e5 7. Qd2 Be6 8. O-O-O
b5 9. f3 Nc6 10. Kb1 h5 11. h4 Qb6 12. Nh3 Bxh3 13. Rxh3 g6 14. Nd5 Nxd5 15.
Qxd5 Rc8 16. a3 Bh6 17. g3 O-O 18. Rh2 Rfd8 19. Bh3 Rc7 20. Rg2 b4 21. a4 Be3
22. g4 hxg4 23. Rxg4 Nd4 24. Rxg6+ Kf8 25. Bxd4 Bxd4 26. Rf6 Kg7 27. Rxd4 Qxd4
28. Qxd4 exd4 29. Rf5 Rc5 30. Rf4 Rh8 31. Bf1 a5 32. Bc4 f6 33. Rg4+ Kf8 34. Rg6
Ke7 35. Rg7+ Ke8 36. Ra7 Rxh4 37. Bb5+ Kd8 38. Rd7+ Kc8 39. Rxd6 Rh1+ 40. Kb2
Rh2 41. Bd3 Rc3 42. Rxd4 Rf2 43. Rd5 Rxf3 44. Rxa5 Rf2 45. Rd5 Rh2 46. Rd4 Kc7
47. a5 Rg2 48. a6 Rg5 49. Rxb4 Rc6 50. Rb7+ Kc8 51. b4 Rc7 52. Rb6 1-0

[Event "exe Slovakia Open 2025"]
[Site "Bratislava SVK"]
[Date "2025.09.13"]
[Round "1.60"]
[White "Rexova, Kristina"]
[Black "Mikulas, Dusan"]
[Result "0-1"]
[BlackTitle "FM"]
[WhiteElo "1559"]
[BlackElo "2003"]
[WhiteFideId "14987449"]
[BlackFideId "14900521"]
[EventDate "2025.09.13"]

1. Nf3 Nf6 2. d4 g6 3. g3 Bg7 4. Bg2 d6 5. O-O O-O 6. c4 Nbd7 7. Nc3 c6 8. e4
Qc7 9. h3 h6 10. Be3 Kh7 11. Qc2 e5 12. d5 c5 13. Rab1 Nb6 14. Nb5 Qe7 15. b4
Nxe4 16. Nxe5 Bxe5 17. Bxe4 Bxh3 18. Bg2 Bf5 19. Be4 Bxe4 20. Qxe4 f5 21. Qd3 f4
22. bxc5 fxe3 23. cxb6 exf2+ 24. Rxf2 Rxf2 25. Kxf2 axb6 26. a3 Rf8+ 27. Kg2 Rf5
28. Rf1 Rg5 29. Rf3 h5 30. Nd4 Bxd4 31. Qxd4 Re5 32. Qxb6 Re2+ 33. Rf2 Qe4+ 34.
Kg1 Re1+ 35. Rf1 Rxf1+ 36. Kxf1 Qxc4+ 0-1

[Event "exe Slovakia Open 2025"]
[Site "Bratislava SVK"]
[Date "2025.09.13"]
[Round "1.61"]
[White "Haasova, Timea"]
[Black "Dubnicka, Ferdinand"]
[Result "1-0"]
[WhiteElo "2002"]
[BlackElo "1533"]
[WhiteFideId "14960109"]
[BlackFideId "14944057"]
[EventDate "2025.09.13"]

1. e4 g6 2. d4 Bg7 3. Nf3 Nc6 4. c4 d6 5. Be2 Bg4 6. Be3 Nf6 7. Nc3 a6 8. Qb3
Na5 9. Qa4+ c6 10. b4 b5 11. Qxa5 Qxa5 12. bxa5 b4 13. Na4 Nxe4 14. Rb1 Nc3 15.
Rxb4 Nxe2 16. Kxe2 O-O 17. Rb6 Bd7 18. Rb7 Be8 19. Nb6 Rd8 20. Rxe7 c5 21. d5 f5
22. Ng5 f4 23. Bxf4 Rf6 24. Ne6 Rxe6+ 25. Rxe6 Bf7 26. Rxd6 Re8+ 27. Kd2 h6 28.
Be3 Re4 29. Bxc5 Kh7 30. Rd7 Be8 31. Re7 1-0

[Event "exe Slovakia Open 2025"]
[Site "Bratislava SVK"]
[Date "2025.09.13"]
[Round "1.62"]
[White "Chmelikova, Julia"]
[Black "Gouterney, Anton"]
[Result "0-1"]
[WhiteElo "1590"]
[BlackElo "2000"]
[WhiteFideId "14977753"]
[BlackFideId "34675418"]
[EventDate "2025.09.13"]

1. e4 c6 2. d4 d5 3. f3 Qb6 4. Nc3 dxe4 5. fxe4 e5 6. Nf3 exd4 7. Qxd4 Qxd4 8.
Nxd4 Nd7 9. Bf4 Ngf6 10. Be2 Bb4 11. Bf3 O-O 12. Ne2 Re8 13. O-O Nc5 14. a3 Bxc3
15. Nxc3 Ncxe4 16. Nxe4 Nxe4 17. Rfe1 Bf5 18. Rad1 Nf6 19. c3 Bg4 20. Bxg4 Nxg4
21. h3 Nf6 22. Kf1 Nd5 23. Be5 f6 24. Bd4 b6 25. c4 Nf4 26. Be3 Re4 27. Bd4 Rae8
28. c5 Rxe1+ 29. Rxe1 Rxe1+ 30. Kxe1 bxc5 31. Bxc5 Nd3+ 0-1

[Event "exe Slovakia Open 2025"]
[Site "Bratislava SVK"]
[Date "2025.09.13"]
[Round "1.63"]
[White "Hasala, Richard"]
[Black "Malanik, Jakub"]
[Result "1-0"]
[WhiteElo "1996"]
[BlackElo "1500"]
[WhiteFideId "14969157"]
[BlackFideId "14994240"]
[EventDate "2025.09.13"]

1. e4 c5 2. Nf3 d6 3. d4 cxd4 4. Nxd4 Nc6 5. Nc3 Nf6 6. Be2 g6 7. Be3 Bg7 8. O-O
O-O 9. h3 Bd7 10. Qd2 a6 11. a4 Rc8 12. f4 Nxd4 13. Bxd4 e5 14. Be3 Bc6 15. Bf3
Re8 16. Rfe1 Bf8 17. Rad1 Qc7 18. Qf2 exf4 19. Bxf4 Re6 20. Re2 Rce8 21. Rde1
Qd7 22. a5 Bb5 23. Rd2 Rc8 24. g4 d5 25. Nxd5 Nxd5 26. Rxd5 Bc5 27. Rxc5 1-0

[Event "exe Slovakia Open 2025"]
[Site "Bratislava SVK"]
[Date "2025.09.13"]
[Round "1.68"]
[White "Shlaen, Rem"]
[Black "Yaniv, Yuval"]
[Result "0-1"]
[BlackTitle "IM"]
[WhiteElo "1995"]
[BlackElo "2410"]
[WhiteFideId "2812932"]
[BlackFideId "2823900"]
[EventDate "2025.09.13"]

1. e4 c5 2. Nf3 Nc6 3. Bb5 g6 4. O-O Bg7 5. c3 Nf6 6. Re1 O-O 7. d4 a6 8. Bxc6
dxc6 9. Nbd2 cxd4 10. cxd4 a5 11. a4 Nd7 12. Ra3 b5 13. e5 Nb6 14. axb5 cxb5 15.
Ne4 b4 16. Ra1 Bb7 17. Nc5 Bd5 18. Be3 Ra7 19. Ng5 Qa8 20. Qg4 h6 21. Nh3 h5 22.
Qg3 e6 23. Nf4 Nc8 24. b3 Ne7 25. Ra2 Nf5 26. Qg5 Bh6 27. Qf6 Bxf4 28. Bxf4 Bxg2
29. Rd2 Bd5 30. Qg5 Qd8 31. Ra1 Nh4 32. Qg3 Nf3+ 33. Kf1 Nxd2+ 34. Bxd2 Bc6 35.
Be3 Qd5 36. Ke2 a4 37. bxa4 Qc4+ 0-1